Marketing klíč k rozhodování, co prodávat, komu a jak

Guardado en:
Detalles Bibliográficos
Autor principal: Kalka, Regine
Otros Autores: Mässen, Andrea, Vávrová, Věra
Formato: Libro
Lenguaje:checo
Publicado: Praha Grada Publishing 2003
Colección:Poradce pro praxi
Materias:
Etiquetas: Agregar Etiqueta
Sin Etiquetas, Sea el primero en etiquetar este registro!

MARC

LEADER 00000nam$a2200000$$$4500
001 0019689
005 20240313133151.2
020 |a 80-247-0413-7 
041 0 |a cze 
044 |a CZ 
245 1 0 |a Marketing  |b klíč k rozhodování, co prodávat, komu a jak  |c Regine Kalka, Andrea Mässen ; překlad Věra Vávrová 
264 1 |a Praha  |b Grada Publishing  |c 2003 
300 |a 110 s. 
490 1 |a Poradce pro praxi 
830 0 |a Poradce pro praxi 
610 2 0 |a marketing 
610 2 0 |a trh spotrebiteľský 
610 2 0 |a trh 
610 2 0 |a získavanie informácií 
610 2 0 |a distribúcia 
610 2 0 |a konkurencia 
610 2 0 |a plánovanie strategické 
610 2 0 |a plán marketingový 
610 2 0 |a stratégia marketingová 
610 2 0 |a politika výrobková 
610 2 0 |a komunikácia 
610 2 0 |a komunikácia marketingová 
610 2 0 |a reklama 
610 2 0 |a politika cenová 
100 1 |a Kalka, Regine 
700 1 |a Mässen, Andrea 
700 1 |a Vávrová, Věra